| 000 | 01068nam a2200337I 4500 | ||
|---|---|---|---|
| 001 | 8827 | ||
| 003 | BD-RjUL | ||
| 005 | 20211208234647.0 | ||
| 008 | 140119t1952 nyua 001 0 enge | ||
| 035 | _aMITb10142368 | ||
| 035 | _a(OCoLC)00536698 | ||
| 035 | _a(BD-RjUL)8872 | ||
| 040 |
_aDLC _cWSU _dOCL _dSER _dMYG _beng |
||
| 041 | _aeng | ||
| 082 | 0 | 4 |
_216 _a536.7 _bALT 1952 |
| 090 |
_aQC311 _b.A438 |
||
| 099 | _aQC311.A438 | ||
| 100 | 1 |
_aAllis, William P. _q(William Phelps), _d1901-1999. _927437 |
|
| 245 | 1 | 0 |
_aThermodynamics and statistical mechanics / _c[by] William P. Allis [and] Melvin A. Herlin. |
| 250 | _a1st ed. | ||
| 260 |
_aNew York : _bMcGraw-Hill, _c1952. |
||
| 300 |
_a239 p. : _billus. ; _c24 cm. |
||
| 490 | 1 | _aInternational series in pure and applied physics | |
| 504 | _aIncludes index. | ||
| 650 | 0 |
_aThermodynamics. _927438 |
|
| 650 | 0 |
_aStatistical mechanics. _927439 |
|
| 700 | 1 |
_aHerlin, Melvin Arnold. _927440 |
|
| 830 | 0 |
_aInternational series in pure and applied physics. _9194 |
|
| 942 |
_2ddc _cBK |
||
| 999 |
_c8827 _d8827 |
||